000 00646nam a2200229 a 4500
001 59929
003 BD-RjUL
005 20211209080801.0
008 161227s1964 ii 000 0 eng
035 _a(BD-RjUL)60053
040 _aDLC
_cCarP
_dDLC
_beng
041 _aeng
082 _223
_a342.547
_bMAC 1964
100 1 _aMahajan, Vidya Dhar.
_9178268
245 1 4 _aThe Constitution of Pakistan /
_c Vidya Dhar Mahajan
250 _arev. 2nd ed.
260 _aLahore :
_bMunawar Book Depot,
_c1964
300 _a48 p. ;
_c22 cm.
650 0 _aConstitutional law
_zPakistan.
_9176394
942 _2ddc
_cBK
999 _c59929
_d59929